[Event "17th Aeroflot Open-A 2019"]
[Site "Moscow"]
[Date "2019.02.27"]
[Round "9.34"]
[White "Lobanov, Sergei"]
[Black "Gordievsky, Dmitry"]
[Result "0-1"]
[WhiteElo "2526"]
[BlackElo "2603"]
[Annotator "RC"]
[PlyCount "104"]
[EventDate "2019.02.19"]
[EventCountry "RUS"]
[SourceTitle "playchess.com"]
[Source "ChessBase"]
[SourceQuality "1"]
[TimeControl "40/5400+30:1800+30"]

1. e4 {[%emt 0:02:05]} c5 {[%emt 0:00:00]} 2. Nf3 {[%emt 0:00:04]} Nc6 {[%emt 0:00:00]} 3. d4 {[%emt 0:00:06]} cxd4 {[%emt 0:00:00]} 4. Nxd4 {[%emt 0:00:05]} Nf6 {[%emt 0:00:00]} 5. Nc3 {[%emt 0:00:07]} e5 {[%emt 0:00:00]} 6. Ndb5 {[%emt 0:00:06]} d6 {[%emt 0:00:00]} 7. Nd5 {[%emt 0:01:36]} Nxd5 {[%emt 0:00:14]} 8. exd5 {[%emt 0:00:06]} Nb8 {[%emt 0:03:49]} 9. a4 {[%emt 0:00:19]} Be7 {[%emt 0:00:46]} 10. Be2 {[%emt 0:00:07]} O-O {[%emt 0:00:08]} 11. O-O {[%emt 0:00:04]} f5 {[%emt 0:06:38]} 12. Bd2 {[%emt 0:00:49]} a6 {[%emt 0:10:34]} 13. Na3 {[%emt 0:00:06]} f4 {[%emt 0:03:06]} 14. Nc4 {[%emt 0:07:06]} Bf5 {[%emt 0:02:51]} 15. Ba5 {[%emt 0:35:05]} Qe8 {[%emt 0:00:25]} 16. Bb4 {[%emt 0:00:08]} Rf6 {[%emt 0:02:19]} 17. Bg4 {[%emt 0:00:50]} Bxg4 {[%emt 0:06:19]} 18. Qxg4 {[%emt 0:00:01]} Nd7 {[%emt 0:00:45]} 19. Nd2 {[%emt 0:08:34]} Rg6 {[%emt 0:00:23]} 20. Qf3 {[%emt 0:01:45]} Nf6 {[%emt 0:03:57]} 21. c4 {[%emt 0:00:46]} Qd7 {[%emt 0:03:25]} 22. Rfe1 {[%emt 0:00:53]} Rf8 {[%emt 0:02:07]} 23. a5 {[%emt 0:03:17]} Ng4 {[%emt 0:04:40]} 24. Rac1 {[%emt 0:05:39]} Nh6 {[%emt 0:01:34]} 25. c5 {[%emt 0:15:00]} dxc5 {[%emt 0:05:10]} 26. Bxc5 {[%emt 0:00:04]} Nf5 {[%emt 0:06:30]} 27. Bxe7 {[%emt 0:04:24]} Qxe7 {[%emt 0:00:12]} 28. Qh3 {[%emt 0:11:11]} Nh4 {[%emt 0:11:24]} 29. g3 {[%emt 0:00:04]} fxg3 {[%emt 0:00:05]} 30. fxg3 {[%emt 0:01:22]} Nf5 {[%emt 0:15:32]} 31. Rf1 {[%emt 0:01:44]} Qg5 {[%emt 0:01:10]} 32. Nc4 {[%emt 0:01:22]} Rgf6 {[%emt 0:00:57]} 33. Rce1 {[%emt 0:00:41]} Nd4 {[%emt 0:04:16]} 34. Kh1 {[%emt 0:00:21]} Nf3 {[%emt 0:03:39]} 35. Re3 {[%emt 0:00:39]} e4 {[%emt 0:00:44]} 36. d6 {[%emt 0:00:51]} Rh6 {[%emt 0:01:32]} 37. Qg2 {[%emt 0:00:15]} Rxh2+ {[%emt 0:02:38]} 38. Qxh2 {[%emt 0:00:01]} Nxh2 {[%emt 0:00:07]} 39. Rxf8+ {[%emt 0:00:05]} Kxf8 {[%emt 0:00:03]} 40. Kxh2 {[%emt 0:00:00]} Qd5 {[%emt 0:00:00]} 41. b3 {[%emt 0:00:16]} Ke8 {[%emt 0:04:21]} 42. Kg2 {[%emt 0:08:25]} Kd8 {[%emt 0:00:10]} 43. Kf2 {[%emt 0:01:50]} h5 {[%emt 0:02:52]} 44. Kg2 {[%emt 0:03:13]} g5 {[%emt 0:02:05]} 45. Re2 {[%emt 0:00:47]} Qd3 {[%emt 0:03:24]} 46. Rf2 {[%emt 0:04:13]} Ke8 {[%emt 0:03:38]} 47. Rf5 {[%emt 0:02:40]} g4 {[%emt 0:06:08]} 48. Re5+ {[%emt 0:02:39]} Kf8 {[%emt 0:01:57]} 49. Rxh5 {[%emt 0:10:51]} Qf3+ {[%emt 0:00:48]} 50. Kh2 {[%emt 0:00:35]} Qf2+ {[%emt 0:00:12]} 51. Kh1 {[%emt 0:00:01]} Qxg3 {[%emt 0:03:56]} 52. d7 {[%emt 0:00:12]} Qf3+ {[%emt 0:00:22]} 0-1

[Event "17th Aeroflot Open-A 2019"]
[Site "Moscow"]
[Date "2019.02.27"]
[Round "9.35"]
[White "Gavrilescu, David"]
[Black "Svane, Rasmus"]
[Result "0-1"]
[WhiteElo "2479"]
[BlackElo "2599"]
[Annotator "ChessBase"]
[PlyCount "156"]
[EventDate "2019.02.19"]
[EventCountry "RUS"]
[SourceTitle "playchess.com"]
[Source "ChessBase"]
[SourceQuality "1"]
[TimeControl "40/5400+30:1800+30"]

1. e4 {[%emt 0:00:00]} e6 {[%emt 0:00:00]} 2. d4 {[%emt 0:00:26]} d5 {[%emt 0:00:00]} 3. Nd2 {[%emt 0:00:34]} c5 {[%emt 0:00:04]} 4. exd5 {[%emt 0:00:27]} Qxd5 {[%emt 0:00:06]} 5. dxc5 {[%emt 0:00:23]} Qxc5 {[%emt 0:00:28]} 6. Ngf3 {[%emt 0:00:39]} Nf6 {[%emt 0:00:07]} 7. Bd3 {[%emt 0:00:22]} Nbd7 {[%emt 0:00:11]} 8. O-O {[%emt 0:00:51]} Qc7 {[%emt 0:00:04]} 9. a4 {[%emt 0:01:05]} Nc5 {[%emt 0:00:53]} 10. Bc4 {[%emt 0:00:30]} Bd6 {[%emt 0:01:14]} 11. Bb5+ {[%emt 0:08:02]} Bd7 {[%emt 0:01:59]} 12. Nc4 {[%emt 0:00:48]} Be7 {[%emt 0:00:06]} 13. Nfe5 {[%emt 0:04:35]} a6 {[%emt 0:28:03]} 14. Bxd7+ {[%emt 0:06:01]} Ncxd7 {[%emt 0:00:43]} 15. Bf4 {[%emt 0:10:47]} Nxe5 {[%emt 0:01:16]} 16. Nxe5 {[%emt 0:00:10]} Rd8 {[%emt 0:04:19]} 17. Qf3 {[%emt 0:07:13]} Bd6 {[%emt 0:06:37]} 18. Rfe1 {[%emt 0:03:33]} O-O {[%emt 0:09:25]} 19. c3 {[%emt 0:01:41]} Nd5 {[%emt 0:04:30]} 20. Bg3 {[%emt 0:01:56]} Ne7 {[%emt 0:03:04]} 21. Nd3 {[%emt 0:09:12]} Nc6 {[%emt 0:04:20]} 22. Rad1 {[%emt 0:04:52]} e5 {[%emt 0:05:54]} 23. h3 {[%emt 0:04:20]} Kh8 {[%emt 0:04:32]} 24. Qe4 {[%emt 0:09:40]} f6 {[%emt 0:06:07]} 25. Qc4 {[%emt 0:01:50]} Qb6 {[%emt 0:03:33]} 26. b4 {[%emt 0:02:51]} a5 {[%emt 0:02:33]} 27. Nc5 {[%emt 0:01:30]} Bxc5 {[%emt 0:01:59]} 28. bxc5 {[%emt 0:00:49]} Qc7 {[%emt 0:03:18]} 29. f4 {[%emt 0:02:03]} Rxd1 {[%emt 0:00:12]} 30. Rxd1 {[%emt 0:00:06]} Re8 {[%emt 0:00:10]} 31. fxe5 {[%emt 0:00:29]} fxe5 {[%emt 0:01:41]} 32. Rf1 {[%emt 0:01:23]} Qc8 {[%emt 0:03:22]} 33. Kh2 {[%emt 0:05:05]} h6 {[%emt 0:00:33]} 34. Qd5 {[%emt 0:04:07]} e4 {[%emt 0:01:26]} 35. Re1 {[%emt 0:01:31]} e3 {[%emt 0:01:05]} 36. Re2 {[%emt 0:00:44]} Ne7 {[%emt 0:00:58]} 37. Qh5 {[%emt 0:05:14]} Nf5 {[%emt 0:00:02]} 38. Bf4 {[%emt 0:00:24]} Re4 {[%emt 0:00:54]} 39. Qf3 {[%emt 0:01:16]} Qe6 {[%emt 0:00:24]} 40. g4 {[%emt 0:00:00]} Nh4 {[%emt 0:00:00]} 41. Qg3 {[%emt 0:05:56]} Qc4 {[%emt 0:24:08]} 42. Rxe3 {[%emt 0:01:21]} Qf1 {[%emt 0:02:29]} 43. Rxe4 {[%emt 0:10:21]} Nf3+ {[%emt 0:00:04]} 44. Qxf3 {[%emt 0:00:06]} Qxf3 {[%emt 0:00:04]} 45. Re8+ {[%emt 0:01:09]} Kh7 {[%emt 0:00:05]} 46. Bd6 {[%emt 0:03:08]} Qf2+ {[%emt 0:00:06]} 47. Kh1 {[%emt 0:00:03]} Qf1+ {[%emt 0:00:05]} 48. Kh2 {[%emt 0:00:04]} Qf2+ {[%emt 0:00:04]} 49. Kh1 {[%emt 0:00:03]} Kg6 {[%emt 0:03:53]} 50. Re6+ {[%emt 0:00:42]} Kf7 {[%emt 0:00:13]} 51. Re5 {[%emt 0:03:34]} Qf1+ {[%emt 0:00:12]} 52. Kh2 {[%emt 0:00:04]} Qf2+ {[%emt 0:00:04]} 53. Kh1 {[%emt 0:00:02]} Qf3+ {[%emt 0:00:24]} 54. Kh2 {[%emt 0:00:08]} Qxc3 {[%emt 0:00:20]} 55. Re7+ {[%emt 0:01:26]} Kf6 {[%emt 0:00:33]} 56. Kg2 {[%emt 0:01:46]} Qd2+ {[%emt 0:00:51]} 57. Kg3 {[%emt 0:00:16]} Qd3+ {[%emt 0:00:10]} 58. Kg2 {[%emt 0:00:22]} Qd5+ {[%emt 0:00:47]} 59. Kf2 {[%emt 0:00:45]} Qa2+ {[%emt 0:01:08]} 60. Kg3 {[%emt 0:00:47]} Qb3+ {[%emt 0:00:18]} 61. Kh2 {[%emt 0:02:07]} b6 {[%emt 0:02:20]} 62. Rc7 {[%emt 0:02:28]} Qc2+ {[%emt 0:01:11]} 63. Kg3 {[%emt 0:00:49]} Qd3+ {[%emt 0:00:14]} 64. Kf2 {[%emt 0:00:22]} Qd4+ {[%emt 0:00:36]} 65. Kf3 {[%emt 0:00:17]} bxc5 {[%emt 0:00:49]} 66. Bxc5 {[%emt 0:00:31]} Qxa4 {[%emt 0:00:09]} 67. h4 {[%emt 0:00:41]} Qb3+ {[%emt 0:01:20]} 68. Be3 {[%emt 0:00:31]} a4 {[%emt 0:01:38]} 69. Ke4 {[%emt 0:00:50]} Qe6+ {[%emt 0:00:58]} 70. Kd3 {[%emt 0:00:19]} Qxg4 {[%emt 0:00:59]} 71. Bd4+ {[%emt 0:00:20]} Ke6 {[%emt 0:00:18]} 72. Rxg7 {[%emt 0:00:14]} Qxh4 {[%emt 0:00:07]} 73. Ra7 {[%emt 0:00:07]} Qh3+ {[%emt 0:00:54]} 74. Be3 {[%emt 0:00:14]} Qf1+ {[%emt 0:00:42]} 75. Kd2 {[%emt 0:01:44]} Qc4 {[%emt 0:00:48]} 76. Rh7 {[%emt 0:00:45]} Qa2+ {[%emt 0:00:31]} 77. Kc1 {[%emt 0:00:32]} Qa3+ {[%emt 0:00:10]} 78. Kd2 {[%emt 0:00:04]} Qb2+ {[%emt 0:00:04]} 0-1

[Event "17th Aeroflot Open-A 2019"]
[Site "Moscow"]
[Date "2019.02.27"]
[Round "9.36"]
[White "Moroni, Luca Jr"]
[Black "Sargsyan, Shant"]
[Result "0-1"]
[WhiteElo "2567"]
[BlackElo "2488"]
[Annotator "ChessBase"]
[PlyCount "76"]
[EventDate "2019.02.19"]
[EventCountry "RUS"]
[SourceTitle "playchess.com"]
[Source "ChessBase"]
[SourceQuality "1"]
[TimeControl "40/5400+30:1800+30"]

1. Nf3 {[%emt 0:00:00]} g6 {[%emt 0:03:43]} 2. c4 {[%emt 0:02:24]} Bg7 {[%emt 0:00:57]} 3. Nc3 {[%emt 0:02:06]} d6 {[%emt 0:01:57]} 4. d4 {[%emt 0:01:02]} Bg4 {[%emt 0:00:55]} 5. e3 {[%emt 0:01:00]} e5 {[%emt 0:01:19]} 6. dxe5 {[%emt 0:01:55]} Bxe5 {[%emt 0:01:07]} 7. Qb3 {[%emt 0:05:27]} Bxf3 {[%emt 0:05:33]} 8. gxf3 {[%emt 0:00:06]} Nd7 {[%emt 0:03:18]} 9. f4 {[%emt 0:03:38]} Nc5 {[%emt 0:03:23]} 10. Qc2 {[%emt 0:00:13]} Bg7 {[%emt 0:01:20]} 11. Bg2 {[%emt 0:04:39]} a5 {[%emt 0:03:27]} 12. Bd2 {[%emt 0:05:57]} Ne7 {[%emt 0:02:47]} 13. Na4 {[%emt 0:08:09]} Nxa4 {[%emt 0:07:28]} 14. Qxa4+ {[%emt 0:00:48]} c6 {[%emt 0:00:17]} 15. Qb3 {[%emt 0:03:27]} O-O {[%emt 0:07:15]} 16. Bc3 {[%emt 0:02:22]} a4 {[%emt 0:04:29]} 17. Qa3 {[%emt 0:01:14]} Bxc3+ {[%emt 0:02:06]} 18. Qxc3 {[%emt 0:00:09]} Nf5 {[%emt 0:01:50]} 19. Bh3 {[%emt 0:10:45]} Nh4 {[%emt 0:03:10]} 20. O-O-O {[%emt 0:02:42]} Qe7 {[%emt 0:03:09]} 21. f5 {[%emt 0:05:49]} Nf3 {[%emt 0:06:06]} 22. f6 {[%emt 0:04:19]} Qe4 {[%emt 0:03:23]} 23. Bg2 {[%emt 0:06:58]} Qg4 {[%emt 0:04:27]} 24. Bxf3 {[%emt 0:02:23]} Qxf3 {[%emt 0:00:02]} 25. Rhf1 {[%emt 0:02:36]} d5 {[%emt 0:02:14]} 26. cxd5 {[%emt 0:05:58]} cxd5 {[%emt 0:00:12]} 27. Kb1 {[%emt 0:01:21]} Rfc8 {[%emt 0:02:48]} 28. Qd4 {[%emt 0:02:20]} Qf5+ {[%emt 0:03:21]} 29. Ka1 {[%emt 0:04:34]} a3 {[%emt 0:00:31]} 30. Rd2 {[%emt 0:01:47]} Rc4 {[%emt 0:01:57]} 31. Qb6 {[%emt 0:02:24]} Rac8 {[%emt 0:00:37]} 32. Rdd1 {[%emt 0:01:02]} axb2+ {[%emt 0:00:23]} 33. Qxb2 {[%emt 0:00:13]} Rc2 {[%emt 0:01:54]} 34. Qxb7 {[%emt 0:01:18]} Qxf6+ {[%emt 0:01:36]} 35. Rd4 {[%emt 0:00:11]} Qd6 {[%emt 0:07:33]} 36. Rf4 {[%emt 0:03:12]} Qe5+ {[%emt 0:03:22]} 37. Rd4 {[%emt 0:00:01]} Rb8 {[%emt 0:02:45]} 38. Qxd5 {[%emt 0:01:21]} Qc7 {[%emt 0:00:14]} 0-1

[Event "17th Aeroflot Open-A 2019"]
[Site "Moscow"]
[Date "2019.02.27"]
[Round "9.37"]
[White "Raja Rithvik R"]
[Black "Aryan Chopra"]
[Result "0-1"]
[WhiteElo "2443"]
[BlackElo "2540"]
[Annotator "ChessBase"]
[PlyCount "134"]
[EventDate "2019.02.19"]
[EventCountry "RUS"]
[SourceTitle "playchess.com"]
[Source "ChessBase"]
[SourceQuality "1"]
[TimeControl "40/5400+30:1800+30"]

1. Nf3 {[%emt 0:00:00]} Nf6 {[%emt 0:00:00]} 2. c4 {[%emt 0:00:00]} g6 {[%emt 0:00:00]} 3. g3 {[%emt 0:00:00]} Bg7 {[%emt 0:00:00]} 4. Bg2 {[%emt 0:00:00]} O-O {[%emt 0:00:00]} 5. d4 {[%emt 0:00:07]} d6 {[%emt 0:00:00]} 6. Nc3 {[%emt 0:00:06]} Nc6 {[%emt 0:00:09]} 7. O-O {[%emt 0:00:07]} e5 {[%emt 0:00:04]} 8. dxe5 {[%emt 0:00:10]} dxe5 {[%emt 0:00:09]} 9. Bg5 {[%emt 0:00:05]} Be6 {[%emt 0:00:03]} 10. Qc1 {[%emt 0:00:04]} Qc8 {[%emt 0:00:13]} 11. Rd1 {[%emt 0:00:05]} Re8 {[%emt 0:00:07]} 12. Nd5 {[%emt 0:00:05]} Nd7 {[%emt 0:00:05]} 13. Bh6 {[%emt 0:00:23]} f6 {[%emt 0:00:06]} 14. Bxg7 {[%emt 0:00:05]} Kxg7 {[%emt 0:00:04]} 15. h4 {[%emt 0:00:03]} Nd8 {[%emt 0:02:36]} 16. b4 {[%emt 0:00:06]} Nf7 {[%emt 0:03:47]} 17. Ne3 {[%emt 0:05:35]} c5 {[%emt 0:13:08]} 18. Qb2 {[%emt 0:07:08]} Rb8 {[%emt 0:05:41]} 19. b5 {[%emt 0:14:24]} Qc7 {[%emt 0:05:47]} 20. Nd2 {[%emt 0:02:48]} f5 {[%emt 0:03:05]} 21. Bd5 {[%emt 0:03:10]} Nf6 {[%emt 0:02:17]} 22. Bxe6 {[%emt 0:00:06]} Rxe6 {[%emt 0:00:05]} 23. Nd5 {[%emt 0:02:00]} Nxd5 {[%emt 0:05:02]} 24. cxd5 {[%emt 0:01:21]} Ree8 {[%emt 0:06:15]} 25. Nc4 {[%emt 0:00:25]} Rbd8 {[%emt 0:01:36]} 26. b6 {[%emt 0:10:18]} axb6 {[%emt 0:00:14]} 27. Rab1 {[%emt 0:02:01]} Re7 {[%emt 0:11:58]} 28. Qxb6 {[%emt 0:03:06]} Nd6 {[%emt 0:01:40]} 29. Qxc7 {[%emt 0:04:13]} Rxc7 {[%emt 0:00:03]} 30. Nxe5 {[%emt 0:00:34]} Kf6 {[%emt 0:03:07]} 31. Nd3 {[%emt 0:05:34]} b5 {[%emt 0:00:13]} 32. Rdc1 {[%emt 0:05:18]} c4 {[%emt 0:02:58]} 33. Nb4 {[%emt 0:01:17]} Ra8 {[%emt 0:02:13]} 34. Rc2 {[%emt 0:04:50]} Rca7 {[%emt 0:03:59]} 35. f3 {[%emt 0:04:33]} Ra3 {[%emt 0:05:18]} 36. Kf2 {[%emt 0:02:25]} R8a4 {[%emt 0:04:34]} 37. Rd2 {[%emt 0:08:34]} Ke7 {[%emt 0:08:41]} 38. Rd4 {[%emt 0:04:26]} Kd7 {[%emt 0:06:57]} 39. e4 {[%emt 0:11:28]} fxe4 {[%emt 0:02:36]} 40. fxe4 {[%emt 0:00:00]} Nf7 {[%emt 0:00:00]} 41. Rd2 {[%emt 0:03:56]} Ne5 {[%emt 0:05:25]} 42. Nc2 {[%emt 0:01:29]} Rxa2 {[%emt 0:07:00]} 43. Rxb5 {[%emt 0:01:07]} c3 {[%emt 0:01:22]} 44. Re2 {[%emt 0:00:11]} Rb2 {[%emt 0:00:29]} 45. Nd4 {[%emt 0:01:05]} Rxd4 {[%emt 0:08:27]} 46. Rexb2 {[%emt 0:00:06]} cxb2 {[%emt 0:00:07]} 47. Rxb2 {[%emt 0:00:04]} Rxe4 {[%emt 0:08:44]} 48. Rb7+ {[%emt 0:00:06]} Ke8 {[%emt 0:01:22]} 49. Rxh7 {[%emt 0:00:45]} Rd4 {[%emt 0:02:00]} 50. h5 {[%emt 0:01:32]} g5 {[%emt 0:00:31]} 51. h6 {[%emt 0:00:55]} Rxd5 {[%emt 0:00:46]} 52. Rh8+ {[%emt 0:01:34]} Kf7 {[%emt 0:00:09]} 53. Ke3 {[%emt 0:00:57]} Ng4+ {[%emt 0:00:21]} 54. Kf3 {[%emt 0:02:05]} Nf6 {[%emt 0:00:05]} 55. h7 {[%emt 0:00:51]} Kg7 {[%emt 0:00:28]} 56. Ra8 {[%emt 0:00:16]} Kxh7 {[%emt 0:00:12]} 57. Ra6 {[%emt 0:00:08]} Kg6 {[%emt 0:00:12]} 58. Rb6 {[%emt 0:00:07]} Kf5 {[%emt 0:00:41]} 59. Rb3 {[%emt 0:00:15]} Ng4 {[%emt 0:00:40]} 60. Rb4 {[%emt 0:00:17]} Rd3+ {[%emt 0:00:38]} 61. Kg2 {[%emt 0:00:06]} Rd2+ {[%emt 0:00:22]} 62. Kg1 {[%emt 0:00:08]} Ne3 {[%emt 0:00:45]} 63. Kh1 {[%emt 0:00:06]} Nf1 {[%emt 0:01:58]} 64. Kg1 {[%emt 0:00:19]} Ne3 {[%emt 0:00:19]} 65. Kh1 {[%emt 0:00:05]} Nc2 {[%emt 0:00:39]} 66. Ra4 {[%emt 0:00:08]} Nd4 {[%emt 0:00:18]} 67. Kg1 {[%emt 0:00:11]} Ne2+ {[%emt 0:00:27]} 0-1

[Event "17th Aeroflot Open-A 2019"]
[Site "Moscow"]
[Date "2019.02.27"]
[Round "9.38"]
[White "Flom, Gabriel"]
[Black "Ghaem Maghami, Ehsan"]
[Result "1/2-1/2"]
[WhiteElo "2460"]
[BlackElo "2540"]
[Annotator "TA"]
[PlyCount "52"]
[EventDate "2019.02.19"]
[EventCountry "RUS"]
[SourceTitle "playchess.com"]
[Source "ChessBase"]
[SourceQuality "1"]

{[%evp 14,52,17,21,35,19,30,23,23,8,29,14,12,12,35,8,5,1,0,9,9,8,25,17,16,4,22,0,0,2,27,0,0,0,0,0,0,0,0,0,0]} 1. d4 Nf6 2. c4 e6 3. Nc3 Bb4 4. g3 c5 5. Nf3 b6 6. Bg2 Bb7 7. O-O Bxc3 8. bxc3 Nc6 {[%cal Bb8c6,Bc6a5,Ba5c4][%mdl 32] E20: Nimzo-Indian: 4 g3 and 4 f3} 9. dxc5 Na5 $146 ({Predecessor:} 9... bxc5 10. Bg5 Na5 11. Qd3 h6 12. Bxf6 Qxf6 13. Rab1 Bc6 14. Nd2 O-O 15. Nb3 Nxb3 16. Rxb3 Qe5 17. Bxc6 dxc6 18. Rb7 a5 19. Rfb1 Rad8 20. Qc2 Qh5 21. h4 {½-½ (21) Moiseenko,A (2669)-Jobava,B (2715) Alushta 2010}) 10. cxb6 axb6 {White has an edge.} 11. Ba3 Nxc4 12. Bb4 $1 Qc7 13. Qd4 d6 14. Nd2 Nxd2 15. Bxb7 Qxb7 16. Qxd2 Rd8 17. f3 Nd5 18. a4 O-O 19. Rfd1 Rd7 20. e4 Nxb4 21. cxb4 d5 22. a5 bxa5 {The position is equal.} 23. bxa5 Ra8 24. Qe3 d4 25. Qd3 ({Don't go for} 25. Rxd4 $2 Qa7 $19) 25... Rd6 26. Rdb1 Qc7 {Accuracy: White = 53%, Black = 67%.} 1/2-1/2

[Event "17th Aeroflot Open-A 2019"]
[Site "Moscow"]
[Date "2019.02.27"]
[Round "9.39"]
[White "Puranik, Abhimanyu"]
[Black "Prithu Gupta"]
[Result "1-0"]
[WhiteElo "2538"]
[BlackElo "2470"]
[Annotator "RC"]
[PlyCount "89"]
[EventDate "2019.02.19"]
[EventCountry "RUS"]
[SourceTitle "playchess.com"]
[Source "ChessBase"]
[SourceQuality "1"]
[TimeControl "40/5400+30:1800+30"]

1. c4 {[%emt 0:00:00]} e5 {[%emt 0:00:08]} 2. g3 {[%emt 0:00:00]} c6 {[%emt 0:00:06]} 3. Nf3 {[%emt 0:00:00]} e4 {[%emt 0:00:05]} 4. Nd4 {[%emt 0:00:05]} d5 {[%emt 0:00:04]} 5. cxd5 {[%emt 0:00:09]} Qxd5 {[%emt 0:00:06]} 6. Nc2 {[%emt 0:00:03]} Nf6 {[%emt 0:00:29]} 7. Nc3 {[%emt 0:00:11]} Qe5 {[%emt 0:00:05]} 8. Bg2 {[%emt 0:00:44]} Na6 {[%emt 0:00:07]} 9. Ne3 {[%emt 0:00:54]} Bc5 {[%emt 0:01:40]} 10. Qc2 {[%emt 0:06:08]} Nb4 {[%emt 0:02:12]} 11. Qb1 {[%emt 0:00:22]} Bxe3 {[%emt 0:01:49]} 12. fxe3 {[%emt 0:00:05]} Bf5 {[%emt 0:00:04]} 13. b3 {[%emt 0:02:22]} O-O {[%emt 0:07:06]} 14. O-O {[%emt 0:04:32]} Nbd5 {[%emt 0:01:07]} 15. Bb2 {[%emt 0:02:51]} Qe6 {[%emt 0:00:21]} 16. Qc2 {[%emt 0:15:35]} Rfe8 {[%emt 0:01:51]} 17. Rf2 {[%emt 0:05:52]} Rad8 {[%emt 0:16:45]} 18. Raf1 {[%emt 0:02:42]} Bg6 {[%emt 0:02:41]} 19. Nxd5 {[%emt 0:06:30]} Nxd5 {[%emt 0:00:08]} 20. h4 {[%emt 0:02:16]} f6 {[%emt 0:02:06]} 21. Kh2 {[%emt 0:00:28]} Bh5 {[%emt 0:00:12]} 22. a3 {[%emt 0:05:43]} a5 {[%emt 0:04:27]} 23. Bd4 {[%emt 0:01:44]} Bg4 {[%emt 0:01:53]} 24. Qb2 {[%emt 0:03:35]} Qd6 {[%emt 0:05:04]} 25. Qc2 {[%emt 0:01:34]} Qe6 {[%emt 0:00:36]} 26. Rb1 {[%emt 0:03:08]} Ra8 {[%emt 0:13:00]} 27. b4 {[%emt 0:02:19]} axb4 {[%emt 0:00:17]} 28. axb4 {[%emt 0:00:05]} b5 {[%emt 0:01:16]} 29. Bc5 {[%emt 0:05:51]} Ra4 {[%emt 0:04:54]} 30. Qb2 {[%emt 0:03:04]} Rea8 {[%emt 0:09:10]} 31. Qd4 {[%emt 0:01:16]} f5 {[%emt 0:01:43]} 32. d3 Nf6 {[%emt 0:07:42]} 33. Rbf1 {[%emt 0:13:58]} Ra2 {[%emt 0:05:10]} 34. dxe4 {[%emt 0:00:51]} Bxe2 {[%emt 0:00:08]} 35. exf5 {[%emt 0:00:34]} Qc4 {[%emt 0:09:59]} 36. Qxc4+ {[%emt 0:06:07]} bxc4 {[%emt 0:00:17]} 37. Kh3 {[%emt 0:01:10]} Bxf1 {[%emt 0:02:43]} 38. Rxf1 {[%emt 0:00:08]} Rc2 {[%emt 0:00:58]} 39. Bxc6 {[%emt 0:01:41]} Raa2 {[%emt 0:00:21]} 40. g4 {[%emt 0:00:00]} h6 {[%emt 0:00:00]} 41. g5 {[%emt 0:07:53]} hxg5 {[%emt 0:03:15]} 42. hxg5 {[%emt 0:00:28]} Nh7 {[%emt 0:00:43]} 43. Bd5+ {[%emt 0:07:24]} Kh8 {[%emt 0:00:01]} 44. Kg4 {[%emt 0:01:05]} Rh2 {[%emt 0:00:37]} 45. Bd4 {[%emt 0:05:55]} 1-0